Online katalóg knižníc regiónu Turca

Vlastivedný sprievodca po Slovensku (Record no. 20145)

MARC details
000 -LEADER
fixed length control field 00690nam a2200253 a 4500
001 - CONTROL NUMBER
control field 20145
003 - CONTROL NUMBER IDENTIFIER
control field VRT
005 - DATE AND TIME OF LATEST TRANSACTION
control field 20260117123225.0
008 - FIXED-LENGTH DATA ELEMENTS--GENERAL INFORMATION
fixed length control field 090219s1978 xo 000 0 slo d
035 ## - SYSTEM CONTROL NUMBER
System control number a000405445
039 #9 - LEVEL OF BIBLIOGRAPHIC CONTROL AND CODING DETAIL [OBSOLETE]
Level of rules in bibliographic description 201003080942
Level of effort used to assign nonsubject heading access points tupik
Level of effort used to assign subject headings 200902261615
Level of effort used to assign classification juso
040 ## - CATALOGING SOURCE
Original cataloging agency UKB
Language of cataloging slo
Transcribing agency UKB
Description conventions AACR2
041 0# - LANGUAGE CODE
Language code of text/sound track or separate title slo
044 ## - COUNTRY OF PUBLISHING/PRODUCING ENTITY CODE
MARC country code xo
ISO country code SK
100 1# - MAIN ENTRY--PERSONAL NAME
Personal name Haviarová, Darina
245 10 - TITLE STATEMENT
Title Vlastivedný sprievodca po Slovensku
250 ## - EDITION STATEMENT
Edition statement 1. vyd.
260 ## - PUBLICATION, DISTRIBUTION, ETC.
Place of publication, distribution, etc. Bratislava
Name of publisher, distributor, etc. Slovenské pedagogické nakladateľstvo
Date of publication, distribution, etc. 1978
300 ## - PHYSICAL DESCRIPTION
Extent 328 s., obr. príl.
700 1# - ADDED ENTRY--PERSONAL NAME
Personal name Uhrin, Pavol
Relationship aut
910 ## - USER-OPTION DATA (OCLC)
User-option data ukb
942 ## - ADDED ENTRY ELEMENTS (KOHA)
Source of classification or shelving scheme Dewey Decimal Classification
Koha item type Odborná literatúra pre dospelých
Suppress in OPAC No
949 ## - LOCAL PROCESSING INFORMATION (OCLC)
6 1800403337
a 24.D.46257
b KD.4484-77
Holdings
Stav vyradenia Strata Poškodenie Spôsob nadobudnutia Domovská knižnica Aktuálna knižnica Dátum nadobudnutia Total checkouts Čiarový kód exemplára Date last seen Typ exemplára
      Dar Obecná knižnica Horná Štubňa Obecná knižnica Horná Štubňa 17.01.2026   4736200154 17.01.2026 Odborná literatúra pre dospelých
Projekt je podporený Slovenskou asociáciou knižníc
Prevádzkuje Turčianska knižnica Martin 2026